GETS Theological Seminary Library

于丹《庄子》心得 (Record no. 17721)

MARC details
000 -LEADER
fixed length control field 00480nam a2200169Ia 4500
008 - FIXED-LENGTH DATA ELEMENTS--GENERAL INFORMATION
fixed length control field 200824s9999||||xx |||||||||||||| ||und||
041 ## - LANGUAGE CODE
Language code of text/sound track or separate title chi
050 ## - LIBRARY OF CONGRESS CALL NUMBER
Classification number BL1900.C576
Item number .Y78 2007
100 ## - MAIN ENTRY--PERSONAL NAME
Personal name 于丹
245 #0 - TITLE STATEMENT
Title 于丹《庄子》心得
Remainder of title /
Statement of responsibility, etc. 于丹 著
246 ## - VARYING FORM OF TITLE
Title proper/short title 於丹《莊子》心得
260 ## - PUBLICATION, DISTRIBUTION, ETC.
Place of publication, distribution, etc. 北京:
Name of publisher, distributor, etc. 中華書局
Date of publication, distribution, etc. 2007
300 ## - PHYSICAL DESCRIPTION
Extent 431 p. :
Other physical details color ill. ;
Dimensions 23 cm.
650 ## - SUBJECT ADDED ENTRY--TOPICAL TERM
Topical term or geographic name entry element Philosophy, Chinese. 
650 ## - SUBJECT ADDED ENTRY--TOPICAL TERM
Topical term or geographic name entry element Taoist philosophy. 
Holdings
Withdrawn status Lost status Damaged status Not for loan Home library Current library Shelving location Date acquired Total Checkouts Full call number Barcode Date last seen Price effective from Koha item type
        GETS Theological Seminary Library GETS Theological Seminary Library General Stacks 08/24/2020   BL1900.C576 .Y78 2007 00005970 08/24/2020 08/24/2020 Chinese Book
OpacCredits

Contact the Librarian, GETS Library
Email: library@mygets.org









Implemented by GETS Library
(Powered by ETCA Professional Group)
GETS Theological Seminary
412 E. Rowland Street, CA 91723